The Law Reports(1871-73 vol.7-8): Court of erchequer. / (Record no. 4079)

MARC details
000 -LEADER
fixed length control field 00531nam a22001697a 4500
008 - FIXED-LENGTH DATA ELEMENTS--GENERAL INFORMATION
fixed length control field 140902b xxu||||| |||| 00| 0 eng d
020 ## - INTERNATIONAL STANDARD BOOK NUMBER
International Standard Book Number 0406090564
050 ## - LIBRARY OF CONGRESS CALL NUMBER
Classification number KD277.5.L39(1871-73 vol.7-8)
245 ## - TITLE STATEMENT
Title The Law Reports(1871-73 vol.7-8): Court of erchequer. /
Statement of responsibility, etc. Edited by Redfoord Bluwer
260 ## - PUBLICATION, DISTRIBUTION, ETC.
Place of publication, distribution, etc. London:
Name of publisher, distributor, etc. Butterworth & Co Ltd,
Date of publication, distribution, etc. 1871-1873.
300 ## - PHYSICAL DESCRIPTION
Extent xi,319p.:
Dimensions 24cm.
440 ## - SERIES STATEMENT/ADDED ENTRY--TITLE
Name of part/section of a work Court Erchequer
Volume/sequential designation Vol VII.
700 ## - ADDED ENTRY--PERSONAL NAME
Personal name Bluwer, Redfoord
800 ## - SERIES ADDED ENTRY--PERSONAL NAME
Personal name James Anstie
800 ## - SERIES ADDED ENTRY--PERSONAL NAME
Personal name Arthur Charles
942 ## - ADDED ENTRY ELEMENTS (KOHA)
Source of classification or shelving scheme Library of Congress Classification
Koha item type Books
Holdings
Withdrawn status Lost status Source of classification or shelving scheme Damaged status Not for loan Home library Current library Shelving location Date acquired Total Checkouts Full call number Barcode Date last seen Copy number Price effective from Koha item type
    Library of Congress Classification     WISCONSIN INTERNATIONAL UNIVERSITY COLLEGE, GHANA - MAIN LIBRARY WISCONSIN INTERNATIONAL UNIVERSITY COLLEGE, GHANA - MAIN LIBRARY Law Library 02/09/2014   KD277.5.L39(1871-73 vol.7-8) 2084/1081/14 02/09/2014 1 02/09/2014 Books

If you have any concerns or questions; kindly contact the library


© Powered by WIUC ICT DIRECTORATE